| 000 | 00658cam a22002411 4500 | ||
|---|---|---|---|
| 001 | sa 64001414 | ||
| 003 | DLC | ||
| 005 | 20260227112002.0 | ||
| 008 | 811124s1962 ii a b 000 0 eng | ||
| 010 | _asa 64001414 | ||
| 025 | _aPL480:I-E-2105 | ||
| 035 | _a(OCoLC)7953804 | ||
| 040 |
_aDLC _cMnSU _dDLC |
||
| 043 | _aa-ii--- | ||
| 050 | 0 | 0 |
_aTD412 _b.I63 |
| 110 | 1 |
_aIndia (Republic). _bDepartment of Agriculture. |
|
| 245 | 1 | 0 | _aHandbook on boring & deepening of wells. |
| 260 |
_a[New Delhi, _c1962] |
||
| 300 |
_a115, [1] p. _billus., diagrs. _c24 cm. |
||
| 504 | _aBibliography: p. [116] | ||
| 650 | 0 | _aWells. | |
| 650 | 0 | _aWater well drilling. | |
| 999 |
_c56734 _d56734 |
||